000 00613nam a2200241Ia 4500
003 OSt
005 20221007071128.0
006 a|||||r|||| 00| 0
007 ta
008 221006b |||||||| |||| 00| 0 eng d
024 _a18,682
037 _cTextual
040 _aFLL
_cFLL
_beng
041 _2eng
_aeng
082 _aZ1:2674k, J3.3
100 _aPinner H.L.
_9154167
245 0 _aWorld copyright
260 _aLeyden
_bA.W. Sijthoff Holland
_c1957
300 _a750p
_ccm.
490 _vVol. 3
942 _hZ1:2674k, J3.3
_cTEXL
_2CC
999 _c1142514
_d1142514